Exkluzívny rozhovor pre Info Rusín s Českou slávicou Luciou Bílou

Podrobná bibliografia
Hlavní autori: Lysinová, Silvia, 1975- (Autor, Tazateľ), Bílá, Lucie, 1966- (Autor)
Médium: Článok
Jazyk:slovenčina
Fyzický popis:Fotogr.
Predmet:

MARC

LEADER 00000nab a2200000 a 4500
001 vtls008873448
003 SK-MaSNL
005 20260305004856.0
008 061106c2006 xo mr p 000 a0slo
015 |a SNBRB2006/11 
038 |a SVKPOCL 
040 |a SVKPOCL  |b slo  |c AACR2  |e AACR2 
041 0 |a slo 
044 |a xo  |c SK 
080 |a 78.071.2  |2 2001 
080 |a 929 Bíla, Lucie  |2 2001 
100 1 |a Lysinová, Silvia,  |d 1975-   |4 aut  |4 ivr  |9 1032581 
245 1 0 |a Exkluzívny rozhovor pre Info Rusín s Českou slávicou Luciou Bílou  |c Za rozhovor ďakuje Sylvia Lysinová 
300 |b Fotogr. 
600 1 7 |a Bílá, Lucie,  |d 1966-   |2 svkpocl  |9 137312 
650 0 7 |a speváci  |2 svkpocl  |9 2848 
651 7 |a Košice (Slovensko)  |2 svkpocl  |9 18694 
651 7 |a Praha (Česko)  |2 svkpocl  |9 19313 
655 7 |a rozhovory  |2 svkpocl  |9 31831 
700 1 |a Bílá, Lucie,  |d 1966-  |4 aut  |4 ive  |9 137312 
773 0 |t Info Rusyn  |g Roč. III, č. 3 (2006), s. 6 
852 |a SVKPO  |b KIS3GCP 
856 4 1 |a rusinska.obroda@stonline.sk 
856 4 1 |a www.rusyn.sk 
958 |a RN 
958 |a BC 
958 |a SK 
958 |a CZ 
999 |c 3237915  |d 3239845